[Event "Wch Seniors 65 26th"]
[Site "Marianske Lazne"]
[Date "2016.11.21"]
[Round "3"]
[White "Maman, Emanuel"]
[Black "Zikavsky, Rudolf"]
[Result "1-0"]
[WhiteElo "1800"]
[BlackElo "1632"]
[PlyCount "148"]
[EventDate "2016.11.19"]
[EventType "swiss"]
[EventRounds "11"]
[EventCountry "CZE"]
[SourceTitle "CBM 175 Extra"]
[Source "ChessBase"]
[SourceDate "2016.12.12"]
[SourceVersion "1"]
[SourceVersionDate "2016.12.12"]
[SourceQuality "1"]

1. e4 d5 2. exd5 Nf6 3. d4 Nxd5 4. Bc4 Nf6 5. Nf3 e6 6. 0-0 Be7 7. c3 0-0 8. Be3 Nc6 9. Nbd2 Bd7 10. Bb3 Bd6 11. Re1 Nb8 12. Bg5 Be7 13. Qe2 Re8 14. Bc2 Bc6 15. Ne5 Qd5 16. Ndf3 Nbd7 17. Nxc6 Qxc6 18. Rad1 Bf8 19. a3 a5 20. Rd2 b5 21. Rc1 Rab8 22. Bb1 Qb6 23. Be3 Qb7 24. Bg5 h6 25. Bh4 Bd6 26. Bg3 Bf8 27. h3 Rbc8 28. Bd3 c6 29. a4 Ra8 30. axb5 cxb5 31. Bxb5 Ne4 32. Rdd1 Nxg3 33. fxg3 Reb8 34. c4 Nf6 35. Ne5 Rc8 36. b3 Rc7 37. Kh2 Rb8 38. Ba4 Rbc8 39. Re1 Rd8 40. Rcd1 Bb4 41. Rf1 Be7 42. Rf4 Rf8 43. Bb5 Nh7 44. h4 Bf6 45. Qe1 Bxe5 46. dxe5 Qa8 47. Rd6 Qa7 48. Ra6 Qc5 49. Rxa5 Qe7 50. Qe3 Rd8 51. Rd4 Rf8 52. Rd2 Rb7 53. Ra6 g5 54. Kh3 f5 55. Rdd6 f4 56. Rxe6 Qc5 57. Qe1 Qe3 58. Qxe3 fxe3 59. Ra1 e2 60. Re1 Rf2 61. Rd6 Re7 62. c5 h5 63. Rxe2 Rf5 64. Kh2 gxh4 65. gxh4 Rf4 66. g3 Rf5 67. Rd8+ Kg7 68. Rd7 Kf8 69. Rxe7 Kxe7 70. c6 Rf8 71. Ba6 Kd8 72. b4 Kc7 73. e6 Re8 74. Kg2 Nf6 1-0